[Event "IECG CM.2003.0.00236 email"]
[Site "IECG email"]
[Date "2003.11.30"]
[Round "?"]
[White "Abdala, Hilda Noemi"]
[Black "Fleurackers, Norbert"]
[Result "1-0"]
[WhiteElo "2084"]
[BlackElo "2362"]
[PlyCount "71"]
[EventDate "2003.11.30"]
[EventType "tourn (corr)"]
[EventRounds "6"]
[SourceTitle "Corr 2008"]
[Source "ChessBase"]
[SourceDate "2008.06.24"]
[SourceVersion "1"]
[SourceVersionDate "2008.06.24"]
[SourceQuality "1"]

1. d4 Nf6 2. Nf3 d5 3. g3 Bf5 4. Bg2 e6 5. 0-0 Nc6 6. c4 Be7 7. Nc3 Ne4 8. Qb3 Nxc3 9. bxc3 Na5 10. Qa4+ c6 11. Nd2 0-0 12. e4 Bg6 13. cxd5 b5 14. Qd1 cxd5 15. exd5 exd5 16. Re1 b4 17. Re5 bxc3 18. Rxd5 Qb6 19. Ne4 Rac8 20. Qa4 c2 21. Rb5 Rc4 22. Qxc4 Nxc4 23. Rxb6 axb6 24. Nd2 Nxd2 25. Bxd2 Bf6 26. Be3 Rd8 27. Re1 h6 28. d5 Bc3 29. Rf1 b5 30. Bf4 Ra8 31. d6 Rxa2 32. d7 Bf6 33. Re1 Kh7 34. h4 b4 35. Bd5 Ra5 36. Bc4 1-0

[Event "Brasschaat op 02nd"]
[Site "Brasschaat"]
[Date "2002.08.??"]
[Round "4"]
[White "Fleurackers, Norbert"]
[Black "Hiel, Lino"]
[Result "1-0"]
[WhiteElo "1549"]
[BlackElo "1741"]
[PlyCount "103"]
[EventDate "2002.08.??"]
[EventType "swiss"]
[EventRounds "7"]
[EventCountry "BEL"]
[SourceTitle "EXT 2005"]
[Source "ChessBase"]
[SourceDate "2004.11.15"]
[SourceVersion "1"]
[SourceVersionDate "2004.11.15"]
[SourceQuality "1"]

1. e4 e6 2. d4 d5 3. Nc3 Nf6 4. e5 Nfd7 5. f4 c5 6. Nf3 Nc6 7. Be3 cxd4 8. Nxd4 Bc5 9. Qd2 0-0 10. 0-0-0 a6 11. h4 Nxd4 12. Bxd4 b5 13. a3 Qa5 14. Kb1 b4 15. Na2 Bxd4 16. axb4 Qb6 17. Qxd4 Qxd4 18. Rxd4 f6 19. exf6 Nxf6 20. Be2 Ne4 21. Rf1 Bb7 22. Nc3 Ng3 23. Rf2 Nf5 24. Rd2 Nxh4 25. Bg4 Nf5 26. Rde2 Rf6 27. Re5 Kf7 28. Rfe2 g6 29. Bh3 Nd4 30. Re1 Re8 31. Na4 Rxf4 32. c3 Nf5 33. Nc5 Bc8 34. g3 Rf2 35. g4 Nd6 36. b3 Rf3 37. Rf1 Rxf1+ 38. Bxf1 Kf6 39. Re1 Nb5 40. Kb2 Kg5 41. c4 dxc4 42. bxc4 Nd4 43. Ne4+ Kh4 44. Kc3 e5 45. c5 Nb5+ 46. Kc4 Be6+ 47. Kd3 Rd8+ 48. Ke3 Rd4 49. Rb1 Rxe4+ 50. Kxe4 Nc3+ 51. Kxe5 Bxg4 52. Rc1 1-0

[Event "Brasschaat op 02nd"]
[Site "Brasschaat"]
[Date "2002.08.??"]
[Round "2"]
[White "Fleurackers, Norbert"]
[Black "Van Habberney, Guy"]
[Result "1/2-1/2"]
[WhiteElo "1549"]
[BlackElo "1801"]
[PlyCount "59"]
[EventDate "2002.08.??"]
[EventType "swiss"]
[EventRounds "7"]
[EventCountry "BEL"]
[SourceTitle "EXT 2005"]
[Source "ChessBase"]
[SourceDate "2004.11.15"]
[SourceVersion "1"]
[SourceVersionDate "2004.11.15"]
[SourceQuality "1"]

1. e4 c5 2. Nf3 e6 3. d4 cxd4 4. c3 Nf6 5. e5 Nd5 6. cxd4 Nc6 7. Bc4 Nb6 8. Bb3 d6 9. 0-0 g6 10. Bf4 dxe5 11. dxe5 Qc7 12. Nc3 a6 13. Rc1 Bg7 14. Ne4 0-0 15. Qe2 Qb8 16. Qe3 Nd7 17. Nf6+ Kh8 18. Bh6 Ncxe5 19. Nxe5 Nxf6 20. Bf4 Qa7 21. Rc7 Qxe3 22. fxe3 Kg8 23. Bg5 Ne4 24. Nxf7 Nxg5 25. Nxg5 Rxf1+ 26. Kxf1 Bxb2 27. Bxe6+ Bxe6 28. Nxe6 Re8 29. Rxb7 Rxe6 30. Rxb2 1/2-1/2

[Event "IECG WC.2004.S.00005 email"]
[Site "IECG email"]
[Date "2002.05.08"]
[Round "?"]
[White "Fleurackers, Norbert"]
[Black "Dominguez, Carlos"]
[Result "0-1"]
[WhiteElo "2357"]
[BlackElo "2294"]
[PlyCount "73"]
[EventDate "2002.05.08"]
[EventType "tourn (corr)"]
[EventRounds "8"]
[SourceTitle "Corr 2024"]
[Source "ChessBase"]
[SourceDate "2023.10.19"]
[SourceVersion "1"]
[SourceVersionDate "2023.10.19"]
[SourceQuality "1"]

1. e4 c6 2. d4 d5 3. exd5 cxd5 4. c4 Nf6 5. Nc3 e6 6. Nf3 Bb4 7. cxd5 Nxd5 8. Qc2 Nc6 9. Be2 0-0 10. 0-0 Be7 11. Rd1 Bf6 12. Qe4 g6 13. Bh6 Bg7 14. Bxg7 Kxg7 15. Rac1 Qd6 16. Bc4 Rd8 17. Nb5 Qb8 18. Ne5 Bd7 19. Nc3 Nxc3 20. bxc3 Qc7 21. Qf4 Nxe5 22. dxe5 Rac8 23. Bb3 Bb5 24. h4 Rxd1+ 25. Rxd1 Qxc3 26. Qf6+ Kg8 27. h5 gxh5 28. Qg5+ Kh8 29. Kh2 Qc7 30. Rd2 Bc4 31. Bd1 Re8 32. Qf6+ Kg8 33. Rc2 b5 34. Rc3 h4 35. Bc2 Rd8 36. Bxh7+ Kf8 37. Be4 0-1

[Event "IECG CM.2002.0.00171 email"]
[Site "IECG email"]
[Date "2002.02.28"]
[Round "?"]
[White "Gomez Celdran, Francisco Miguel"]
[Black "Fleurackers, Norbert"]
[Result "0-1"]
[WhiteElo "2390"]
[BlackElo "2356"]
[PlyCount "34"]
[EventDate "2002.02.28"]
[EventType "tourn (corr)"]
[EventRounds "6"]
[SourceTitle "Corr 2008"]
[Source "ChessBase"]
[SourceDate "2008.06.24"]
[SourceVersion "1"]
[SourceVersionDate "2008.06.24"]
[SourceQuality "1"]

1. d4 d5 2. c4 c6 3. Nf3 Nf6 4. Nc3 e6 5. Bg5 dxc4 6. e4 b5 7. e5 h6 8. Bh4 g5 9. Nxg5 hxg5 10. Bxg5 Nbd7 11. exf6 Qa5 12. g3 Ba6 13. Qf3 Rc8 14. Be2 b4 15. Ne4 c5 16. d5 exd5 17. Qf5 c3 0-1

[Event "IECG CM.2001.0.00139"]
[Site "IECG email"]
[Date "2001.04.15"]
[Round "?"]
[White "Makovsky, Petr"]
[Black "Fleurackers, Norbert"]
[Result "1-0"]
[WhiteElo "2264"]
[BlackElo "2255"]
[PlyCount "78"]
[EventDate "2001.04.15"]
[EventType "tourn (corr)"]
[EventRounds "6"]
[SourceTitle "Corr 2008"]
[Source "ChessBase"]
[SourceDate "2008.06.24"]
[SourceVersion "1"]
[SourceVersionDate "2008.06.24"]
[SourceQuality "1"]

1. e4 c5 2. Nf3 d6 3. d4 cxd4 4. Nxd4 Nf6 5. Nc3 g6 6. Be3 Bg7 7. Be2 Nc6 8. 0-0 0-0 9. f3 d5 10. Nxc6 bxc6 11. exd5 Nxd5 12. Nxd5 cxd5 13. c3 e5 14. Bc5 Re8 15. Re1 Bb7 16. Bb5 Re6 17. Bf2 Qc7 18. Ba4 e4 19. fxe4 dxe4 20. Qd7 Qxd7 21. Bxd7 Re7 22. Rad1 Rd8 23. Bb5 Rxd1 24. Rxd1 e3 25. Rd8+ Bf8 26. Bg3 e2 27. Be1 Re5 28. Bc4 Bc6 29. Kf2 Kg7 30. b4 Be7 31. Rd2 Rf5+ 32. Kxe2 Bxg2 33. Bf2 Bf6 34. Rd7 Bxc3 35. b5 Bh3 36. Rxa7 Bb2 37. b6 Bg4+ 38. Kf1 Bd4 39. Rxf7+ Rxf7 1-0

[Event "IECG CM.2001.0.00133"]
[Site "IECG email"]
[Date "2001.02.25"]
[Round "?"]
[White "Raidna, Raivo I"]
[Black "Fleurackers, Norbert"]
[Result "1-0"]
[WhiteElo "2225"]
[BlackElo "2255"]
[PlyCount "60"]
[EventDate "2001.02.25"]
[EventType "tourn (corr)"]
[EventRounds "6"]
[SourceTitle "Corr 2008"]
[Source "ChessBase"]
[SourceDate "2008.06.24"]
[SourceVersion "1"]
[SourceVersionDate "2008.06.24"]
[SourceQuality "1"]

1. e4 c5 2. Nf3 d6 3. Bb5+ Nc6 4. 0-0 Bd7 5. Re1 Nf6 6. h3 e6 7. c3 Ne5 8. Bxd7+ Qxd7 9. d4 Nxf3+ 10. Qxf3 cxd4 11. cxd4 d5 12. e5 Ne4 13. Qg4 h5 14. Qd1 Rc8 15. Nd2 Nxd2 16. Bxd2 Be7 17. Qf3 Qb5 18. Rab1 Rc4 19. Be3 Bd8 20. b3 Rc2 21. a4 Qd3 22. Qd1 Qxd1 23. Rexd1 Kd7 24. Rbc1 Rb2 25. Rb1 Rxb1 26. Rxb1 f6 27. f4 Rf8 28. Rc1 h4 29. Bf2 fxe5 30. fxe5 Bb6 1-0

[Event "IECG CM.1999.0.00088"]
[Site "IECG email"]
[Date "1999.??.??"]
[Round "?"]
[White "Lehnberger, Karl"]
[Black "Fleurackers, Norbert"]
[Result "0-1"]
[WhiteElo "1852"]
[BlackElo "2255"]
[PlyCount "66"]
[EventDate "1999.09.06"]
[EventType "tourn (corr)"]
[EventRounds "6"]
[SourceTitle "Corr 2008"]
[Source "ChessBase"]
[SourceDate "2008.06.24"]
[SourceVersion "1"]
[SourceVersionDate "2008.06.24"]
[SourceQuality "1"]

1. e4 c5 2. Nf3 d6 3. d4 cxd4 4. Nxd4 Nf6 5. Nc3 g6 6. Be3 Bg7 7. f3 0-0 8. Qd2 Nc6 9. Bc4 Bd7 10. 0-0-0 Ne5 11. Bb3 Rc8 12. h4 h5 13. Bg5 Rc5 14. Kb1 Re8 15. g4 hxg4 16. f4 Nc4 17. Qe2 Qc8 18. Bxf6 Bxf6 19. Nd5 Bg7 20. f5 e6 21. fxe6 fxe6 22. Ne3 Nxe3 23. Qxe3 a5 24. a4 b5 25. Nxb5 Bxb5 26. axb5 Rxb5 27. Qg3 a4 28. Bxa4 Rxb2+ 29. Kc1 Qc5 30. Bb3 Rb8 31. Qxd6 Rxc2+ 32. Bxc2 Bh6+ 33. Qd2 Qa3# 0-1